Microprocessor architecture, programming, and applications with the 8085 (Record no. 6356)

000 -LEADER
fixed length control field 00578nam a2200181Ia 4500
008 - FIXED-LENGTH DATA ELEMENTS--GENERAL INFORMATION
fixed length control field 200103s 1997 ||||xx |||||||||||||| ||und||
020 ## - INTERNATIONAL STANDARD BOOK NUMBER
International Standard Book Number 8190082809
082 ## - DEWEY DECIMAL CLASSIFICATION NUMBER
Classification number 004.165
Item number GAO
100 ## - MAIN ENTRY--PERSONAL NAME
Personal name Gaonkar, Ramesh
245 #0 - TITLE STATEMENT
Title Microprocessor architecture, programming, and applications with the 8085
250 ## - EDITION STATEMENT
Edition statement 3rd
260 ## - PUBLICATION, DISTRIBUTION, ETC. (IMPRINT)
Name of publisher, distributor, etc Penram International Publishing (India)
Date of publication, distribution, etc 1997
Place of publication, distribution, etc Mumbai
300 ## - PHYSICAL DESCRIPTION
Extent xii, 735p.
650 ## - SUBJECT ADDED ENTRY--TOPICAL TERM
Topical term or geographic name as entry element Programming Techniques with Additional Instructions
650 ## - SUBJECT ADDED ENTRY--TOPICAL TERM
Topical term or geographic name as entry element Counters and Time Delays
650 ## - SUBJECT ADDED ENTRY--TOPICAL TERM
Topical term or geographic name as entry element Stack and Subroutines
942 ## - ADDED ENTRY ELEMENTS (KOHA)
Item type Books
Holdings
Withdrawn status Lost status Source of classification or shelving scheme Damaged status Not for loan Collection code Permanent location Current location Shelving location Date acquired Full call number Barcode Date last seen Koha item type Public note
          Non-fiction IMU-MPC Library IMU-MPC Library General Stacks 2020-01-08 004.165 GAO MPCGEC416 2025-03-17 Books Column - 18
Copyright © 2021 Indian Maritime University, Mumbai Port Campus. All Rights Reserved. Managed & Maintained by Central Library, IMU-Mumbai

webs counters

Powered by Koha